000 00364nam a2200133Ia 4500
008 230524s9999 xx 000 0 und d
020 _a9788128832772
100 _aJoginder Singh
_936611
245 0 _aBig Boss: A story of Every Professional
260 _bDiamond Books
500 _aQuantity Number: 1
650 _aPersonality Development
_936612
942 _cBK
999 _c50664
_d50664